Statystyki dla Najpopularniejsze Polskie Nazwiska 2022!!

Kliknij tutaj aby rozwiązać quiz!

Ogólne statystyki

  • Ten quiz został rozwiązany 231 razy
  • Średni wynik to 5 z 15

Statystyki odpowiedzi

HintOdpowiedź% Poprawnych
67 732Kowalski
94%
100 154Nowak
94%
45 171Lewandowski
59%
47 811Kowalczyk
42%
53 914Wiśniewski
41%
48 561Wójcik
33%
44 534Zieliński
33%
43 254Szymański
28%
46 483Kamiński
23%
42 249Dąbrowski
22%
43 273Woźniak
19%
34 144Mazur
16%
32 436Kwiatkowski
15%
33 712Jankowski
13%
36 883Kozłowski
12%

Rozkład punktacji

Percentyl według liczby udzielonych odpowiedzi

Procent ludzi z każdym wynikiem

Twoja historia wyników

Nie rozwiązałeś tego quizu